Ratanlal & Dhirajlal’s the Code of Criminal Procedure / (Record no. 36110)
[ view plain ]
| 000 -LEADER | |
|---|---|
| fixed length control field | 00774nam a22002297a 4500 |
| 005 - DATE AND TIME OF LATEST TRANSACTION | |
| control field | 20230406140851.0 |
| 008 - FIXED-LENGTH DATA ELEMENTS--GENERAL INFORMATION | |
| fixed length control field | 160802b xxu||||| |||| 00| 0 eng d |
| 010 ## - LCCN (DPL NO) | |
| LC control number | ENG-115623 |
| 020 ## - INTERNATIONAL STANDARD BOOK NUMBER | |
| International Standard Book Number | 9789351436812 |
| Terms of availability | 2495.00 |
| 035 ## - SYSTEM CONTROL NUMBER | |
| System control number | EN-99155 |
| 037 ## - SOURCE OF ACQUISITION | |
| Source of stock number/acquisition | DBAD/PUB |
| 082 ## - DEWEY DECIMAL CLASSIFICATION NUMBER | |
| Classification number | 345.5405 |
| 100 ## - MAIN ENTRY--PERSONAL NAME | |
| Personal name | RatanLal |
| 9 (RLIN) | 17276 |
| 245 ## - TITLE STATEMENT | |
| Title | Ratanlal & Dhirajlal’s the Code of Criminal Procedure / |
| Statement of responsibility, etc | by Ratanlal [and] Dhirajlal |
| 250 ## - EDITION STATEMENT | |
| Edition statement | 20th rev.& enl. ed |
| 260 ## - PUBLICATION, DISTRIBUTION, ETC. (IMPRINT) | |
| Place of publication, distribution, etc | Gurgaon |
| Name of publisher, distributor, etc | Lexis Nexis Butterworths |
| Date of publication, distribution, etc | 2010 |
| 270 ## - ADDRESS | |
| Address | 14th Floor, Buiding No.10, Tower- B, DLF Cyber City, Phase-11, |
| City | Gurgaon |
| Postal code | 122002 |
| 300 ## - PHYSICAL DESCRIPTION | |
| Extent | cdIxiii,2491p, |
| Dimensions | 24cm (Hb) |
| 500 ## - GENERAL NOTE | |
| General note | Includes index |
| 700 ## - ADDED ENTRY--PERSONAL NAME | |
| Personal name | DhirajLal |
| 9 (RLIN) | 17278 |
| 942 ## - ADDED ENTRY ELEMENTS (KOHA) | |
| Source of classification or shelving scheme | Dewey Decimal Classification |
| Item type | English Books |
| Call number suffix | RAT |
| Classification part | 345.5405 |
| Withdrawn status | Lost status | Source of classification or shelving scheme | Damaged status | Not for loan | Collection code | Home library | Current library | Date acquired | Source of acquisition | Cost, normal purchase price | Total Checkouts | Full call number | Barcode | Date last seen | Copy number | Cost, replacement price | Koha item type |
|---|---|---|---|---|---|---|---|---|---|---|---|---|---|---|---|---|---|
| Dewey Decimal Classification | Reference | Central Library | Central Library | 02/08/2016 | DBAD/PUB | 2495.00 | 345.5405 RAT | EN-99155 | 02/08/2016 | 1 | 2495.00 | English Books |
